Countries Closest to South Africa A-Z - Statistics

General Stats
  • This quiz has been taken 85 times
  • The average score is 19 of 24
Answer Stats
Hint Answer % Correct
Y Yemen
96%
Z Zimbabwe
96%
B Botswana
92%
L Lesotho
92%
O Oman
91%
A Angola
89%
D Democratic Republic of the Congo
89%
Q Qatar
89%
E Eswatini
88%
K Kenya
88%
N Namibia
88%
T Tanzania
88%
U Uganda
88%
R Republic of the Congo
84%
M Mozambique
81%
G Gabon
79%
J Jordan
76%
C Comoros
73%
I India
69%
S Seychelles
69%
H Hungary
67%
V Venezuela
67%
F Fiji
63%
P Paraguay
40%
No matching quizzes found
Score Distribution
Percent of People with Each Score
Percentile by Number Answered
Your Score History
You have not taken this quiz